00636nam a2200181 a 450000100100000000500170001000800410002704000250006808200150009311000330010824000170014124500640015826000720022230000210029404900090031595201130032499900170043700002155120200930011349.0100909s1929 dr 000 0 spa d aDO-SdBNPbspacBNPHU axxxbL681g1 aRepública Dominicana.944713a[Leyes etc.]10aLey de gastos públicos para el año económico de 1929. aSanto Domingo :bImprenta de J. R. Vda. García, Sucesores,c1929. a302 p. ;c28 cm. aBNPD 0010718PDaPDbPDcCTd2010-09-09iLF1l0oxxx L681gp21551-10r2020-06-25w2020-06-25yLFPDZNo se presta c21050d21050